| 000 | 01132nam0a2200289 4500 | ||
|---|---|---|---|
| 001 | RU\NLR\bibl\1105105 | ||
| 005 | 20260405143916.0 | ||
| 010 |
_a978-5-9626-0379-7 _93000 |
||
| 021 |
_aRU _b2007-36576 _91947 |
||
| 035 | _a(NLR Aleph) 001092172 | ||
| 090 |
_a1125237 _c1125237 |
||
| 100 | _a20070705d2007 |||y0rusy50 ca | ||
| 101 | 0 | _arus | |
| 102 | _aRU | ||
| 105 | _aa ||||||||| | ||
| 200 | 1 |
_aРуководство современного менеджера ресторана _eрешение проблем день за днем _fЯ.Е. Наволоцкая |
|
| 210 |
_aМосква _aСанкт-Петербург _cВершина _d2007 |
||
| 215 |
_a222 с. _cил. _d21 |
||
| 300 | _aНа 4-й с. обл. авт.: Я. Наволоцкая - психолог | ||
| 606 | 1 |
_aРестораны _xУправление _92290526 _3RU\NLR\auth\661371815 |
|
| 686 | _aУ42(0)414-21 | ||
| 700 | 1 |
_4070 _8rus _7ca _aНаволоцкая _bЯ. Е. _gЯнина Евгеньевна _3RU\NLR\auth\7759578 _942509 |
|
| 801 | 0 |
_aRU _bNLR _c20070705 _gRCR |
|
| 801 | 1 |
_aRU _bNLR _c20070705 |
|
| 942 | _cBOOK | ||
| 980 | _aNB | ||